Biography of physics
Gorde:
| Egile nagusia: | |
|---|---|
| Formatua: | Liburua |
| Hizkuntza: | ingelesa |
| Argitaratua: |
Nueva York
Harper
1961
|
| Edizioa: | 1a. ed |
| Saila: | Harper Modern Science Series
|
| Gaiak: | |
| Etiketak: |
Etiketa erantsi
Etiketarik gabe, Izan zaitez lehena erregistro honi etiketa jartzen!
|
MARC
| LEADER | 00000nam a2200000 a 4500 | ||
|---|---|---|---|
| 001 | UCH1064 | ||
| 003 | CL-VaPUC | ||
| 008 | 090409e19610000US |||||||||||||||||eng|d | ||
| 082 | 0 | 4 | |a 530.09 |b GAM |2 21 |
| 100 | |a Gamow, George |e author |9 547884 | ||
| 245 | 1 | 0 | |a Biography of physics |
| 250 | |a 1a. ed | ||
| 300 | |a 338 p | ||
| 942 | |c BK | ||
| 945 | |d 20090409 00:00:00 |a rbrito | ||
| 260 | |a Nueva York |b Harper |c 1961 | ||
| 650 | 0 | |a Biografías |9 255210 | |
| 650 | 0 | |a Científicos |9 262025 | |
| 650 | 7 | |a FISICOS |2 CL-VaPUC |9 263707 | |
| 583 | |a last modification |c 20090409 00:00:00 |k Rodrigo Vera | ||
| 490 | 0 | |a Harper Modern Science Series | |
| 999 | |c 333144 |d 333142 | ||
| 952 | |0 0 |1 0 |4 0 |6 530_090000000000000_GAM_1961 |7 0 |8 A |9 421343 |a BIBCUR |b BIBCUR |d 2019-11-22 |i 4532864 |o 530.09 GAM 1961 |p 4532864 |r 2025-04-22 |w 2019-11-22 |y BK |k FIS | ||